Normal view
MARC view
- الشعر العربي-الاطلال في الشعر العربي
Entry Topical Term
001 - CONTROL NUMBER
- control field: 44182
003 - CONTROL NUMBER IDENTIFIER
- control field: JO-AjAnu
005 - DATE AND TIME OF LATEST TRANSACTION
- control field: 20230606081322.0
008 - FIXED-LENGTH DATA ELEMENTS
- fixed length control field: 230606|| aca||aabn | a|a d
040 ## - CATALOGING SOURCE
- Original cataloging agency: JO-AjAnu
- Transcribing agency: JO-AjAnu
150 ## - HEADING--TOPICAL TERM
- Topical term or geographic name entry element: الشعر العربي-الاطلال في الشعر العربي
670 ## - SOURCE DATA FOUND
- Source citation: Work cat.: (JO-AjAnu)22623: حجازي، محمد عبد الواحد, author 44181, الأطلال في الشعر العربي: دراسة جمالية